| 000 | 01149cam a2200325 a 4500 | ||
|---|---|---|---|
| 001 | 1935328 | ||
| 003 | LC | ||
| 005 | 20160316151744.0 | ||
| 008 | 861210s1987 wiua 000 1 eng | ||
| 010 | _a 86051589 | ||
| 020 | _a9780880385190 | ||
| 040 |
_aDLC _cDLC _dDLC |
||
| 050 | 0 | 0 |
_aPS 648 _b.L897 1987 vol.3 |
| 082 | 0 | 0 |
_aFIC _bL94dl 1987 |
| 100 | _aWeis, Margarett | ||
| 245 | 0 | 0 |
_aLove and war / _cedited by Margaret Weis and Tracy Hickman ; featuring "Raistlin's daughter" by Margaret Weis and Dezra Despain. |
| 260 |
_aNew York : _bDistributed by Random House, _cc1987. |
||
| 300 |
_a368 p. : _bill. ; _c18 cm. |
||
| 440 | 0 |
_aDragonlance tales ; _vv. 3 _920300 |
|
| 650 | 0 |
_aKrynn (Imaginary place) _xFiction. _920301 |
|
| 650 | 0 | _aFantasy fiction, American. | |
| 700 | 1 |
_aWeis, Margaret. _93860 |
|
| 700 | 1 |
_aHickman, Tracy. _917884 |
|
| 700 | 1 |
_aDespain, Dezra. _920302 |
|
| 856 | 4 | 2 |
_3Publisher description _uhttp://www.loc.gov/catdir/description/hol054/86051589.html |
| 906 |
_a7 _bcbc _corignew _d2 _eocip _f19 _gy-gencatlg |
||
| 942 |
_2lcc _cBK |
||
| 999 |
_c11461 _d11461 |
||